[Event "GCT Paris Blitz 2021"]
[Site "Paris"]
[Date "2021.06.21"]
[Round "6"]
[White "Radjabov, Teimour"]
[Black "Vachier-Lagrave, Maxime"]
[Result "1/2-1/2"]
[WhiteElo "2765"]
[BlackElo "2760"]
[Annotator "TA"]
[PlyCount "86"]
[EventDate "2021.06.21"]
[EventType "tourn"]
[EventCountry "FRA"]
[SourceTitle "playchess.com"]
[Source "ChessBase"]
[SourceQuality "1"]

{[%evp 9,86,0,0,-23,-2,5,28,8,75,61,55,55,81,0,0,0,34,27,53,76,112,-41,150,145,
163,165,158,158,172,106,115,95,93,93,143,46,46,47,59,59,54,60,56,49,63,62,74,
74,74,74,75,75,75,56,56,56,68,0,0,0,0,0,0,0,0,0,0,0,0,0,0,0,0,0,0,0,0,0,0]} 1.
Nf3 c5 2. b3 Nf6 3. Bb2 Nc6 4. c4 d5 5. cxd5 Nxd5 6. a3 {A30: Symmetrical
English: Double Fianchetto and Hedgehog.} Bg4 7. e3 e6 8. Be2 {[#] White has
an edge.} Be7 $146 (8... Nf6 $11 {keeps the balance.}) ({Predecessor:} 8... Nf6
9. O-O Be7 10. h3 Bh5 11. d3 O-O 12. Nbd2 Rc8 13. Rc1 b6 14. Qc2 Nd5 {1/2-1/2 
(45) Rodriguez Lopez,R (2320)-Szabo,B (2350) Budapest 2011}) 9. Bxg7 $16 Rg8
10. Bb2 Bf6 11. Nc3 (11. Qc1 $16) 11... Nxc3 $1 $11 12. dxc3 Qc7 13. Qd3 Bf5
14. e4 Bg6 15. O-O $2 (15. Rd1 $16) 15... Bh5 $2 (15... Qf4 $1 $15 {stays
ahead.}) 16. Rad1 $16 Rd8 {[#]} 17. Qe3 Qb6 18. Rxd8+ Bxd8 19. b4 ({White
should play} 19. Nd2 $18 Bxe2 20. Qxe2) 19... cxb4 20. Qxb6 Bxb6 21. cxb4 Bg6
22. Bd3 (22. b5 $16 Na5 23. Nd2) 22... Bh5 $14 {[#] White must now prevent ...
Bxf3.} 23. Ne5 Nxe5 24. Bxe5 Ke7 25. Rc1 Rd8 $1 {[%cal Rd8d3]} 26. Rc3 f6 27.
Bf4 e5 28. Be3 Bxe3 29. fxe3 $16 {[%mdl 4096] Endgame KRB-KRB} Bg6 30. Kf2 Rd6
31. g4 Rc6 32. Rxc6 bxc6 $14 {KB-KB} 33. h4 (33. Ke2 $14) 33... h6 $11 {
The position is equal.} 34. Ke2 Kd6 35. Kd2 Bf7 36. Kc3 Be6 37. Be2 Kc7 38. a4
{[%cal Ba3a4,Ba4a5][%mdl 32]} Kb6 39. a5+ Kc7 40. Kc2 Kd6 41. Kc3 Kc7 42. Kc2
Kd6 43. Kc3 Kc7 {Blacks defense is rewarded with a draw.  Weighted Error Value:
White=0.18/Black=0.17} 1/2-1/2

[Event "GCT Paris Blitz 2021"]
[Site "Paris"]
[Date "2021.06.21"]
[Round "6"]
[White "Rapport, Richard"]
[Black "Firouzja, Alireza"]
[Result "0-1"]
[WhiteElo "2763"]
[BlackElo "2759"]
[Annotator "TA"]
[PlyCount "130"]
[EventDate "2021.06.21"]
[EventType "tourn"]
[EventCountry "FRA"]
[SourceTitle "playchess.com"]
[Source "ChessBase"]
[SourceQuality "1"]

{[%evp 13,130,22,23,28,25,25,10,0,2,-33,-33,-69,-64,-75,-56,-62,-46,-64,-62,
-60,-25,-47,-18,-19,-19,-19,-18,-25,-25,-32,-22,-31,-16,-46,-45,-79,-84,-69,
-31,-120,-104,-104,-72,-80,-42,-41,-32,-38,-37,-50,-33,-78,-31,-45,-21,-35,-21,
-35,-35,-42,-36,-42,-5,-5,-9,-52,0,0,0,-14,-7,-58,-61,-54,-24,-108,-120,-108,
-94,-131,-55,-158,-154,-170,-130,-309,-164,-232,-229,-353,-352,-291,-47,-258,
-229,-347,-349,-795,-592,-651,-395,-29975,-29976,-6786,-1137,-6444,-5197,
-29980,-29981,-29994,-29992,-29992,-29993,-29996,-29967,-29992,-29993,-29997,
-29998]} 1. Nf3 c5 2. c4 Nc6 3. d4 cxd4 4. Nxd4 Nf6 5. g3 d6 6. Bg2 Bd7 7. Nc3
g6 8. Nxc6 {A31: Symmetrical English: 2 Nf3 Nf6 3 d4.} bxc6 9. e4 Bg7 {[#]} 10.
Qe2 $146 {The position is equal.} ({Predecessor:} 10. c5 dxc5 11. O-O Be6 12.
e5 Nd5 13. Na4 Bxe5 14. Nxc5 Bf5 15. Bh6 Qd6 16. Rc1 g5 17. Bxg5 Rg8 18. Qa4
Rxg5 19. Nb7 Qd7 20. Nc5 Qd6 {1/2-1/2 (20) Lerner,K (2575)-Baklan,V (2571)
Ordzhonikidze 2000}) 10... Bg4 11. Qd3 Nd7 12. b3 Ne5 13. Qe3 Qa5 14. Bd2 Qc5
15. Qxc5 dxc5 16. O-O Rd8 (16... O-O-O {looks sharper.} 17. Bg5 Nd3 18. Na4 Rd7
19. Be3 Be2) 17. Be3 {[#]} Nxc4 $1 18. bxc4 {Black must now prevent Rac1.} Bxc3
19. Rab1 Bd4 20. e5 O-O $36 {[%mdl 2048] Black has good play.} 21. Bh6 Bxe5 22.
Bxf8 Kxf8 23. h3 Bf5 24. Rfd1 Bd4 $1 25. Rbc1 Rb8 26. Rd2 ({Better is} 26. g4
$15 Be6 27. Rc2) 26... Rb6 27. g4 Be6 28. Bf3 Ra6 29. Kg2 Kg7 30. Be2 Ra4 31.
Rdc2 Rb4 32. Bf3 Rb6 33. Re2 Ra6 34. Rec2 Bf6 35. Rb1 Be5 36. Rb7 Bd6 37. Be4
h5 38. gxh5 gxh5 39. Bf3 Ra3 (39... Kg6 $15) 40. Rb3 $11 Ra4 41. Be2 h4 42.
Rbc3 (42. Re3 $11) 42... Be5 43. Rb3 Bd4 44. Rb7 (44. Bd3 $11 {keeps the
balance.}) 44... Bf5 $1 $17 {[%cal Rf5c2]} 45. Rd2 Kf6 46. Rc7 e6 (46... Bc3
$17 47. Rd1 Rxa2) 47. Bf3 (47. Bd3 $15) 47... Rxc4 48. Rxa7 Rc3 49. Re2 $2 (49.
Rc7 $17) 49... e5 (49... c4 $142 50. Ra8 Bd3) 50. Ra6 (50. Rc7 {keeps fighting.
}) 50... e4 51. Bxe4 (51. Rxc6+ $142 Kg5 52. Rxe4) 51... Bxh3+ $19 52. Kg1 {[#]
} Bg4 $2 (52... Rc1+ $1 $19 53. Kh2 Bg4) 53. Re1 $2 {[#]} (53. Rxc6+ $15 Kg5
54. Rc2 Rg3+ 55. Kh2 Rh3+ 56. Kg1) 53... Kg5 $1 54. Rxc6 (54. Ra8 $142) 54...
f5 55. Bg2 (55. Bd5 Rc2 56. Rf1) 55... Rc2 {[%mdl 64] Double Attack} 56. Rf1
Be2 57. Kh1 $2 (57. Rb1 $19) 57... Bxf1 58. Bxf1 Rxf2 {[%mdl 4096] Endgame
KRB-KRB} (58... Rc1 $142 59. Kg1 h3) 59. Bc4 h3 60. Rc8 Rc2 {Black mates.} 61.
Bb3 Re2 62. Rg8+ Kh4 63. a4 Be5 64. a5 h2 65. Bc4 Re1+ {Weighted Error Value:
White=0.73/Black=0.34} 0-1

[Event "GCT Paris Blitz 2021"]
[Site "Paris"]
[Date "2021.06.21"]
[Round "7"]
[White "Kramnik, Vladimir"]
[Black "Nepomniachtchi, Ian"]
[Result "0-1"]
[WhiteElo "2797"]
[BlackElo "2792"]
[Annotator "TA"]
[PlyCount "127"]
[EventDate "2021.06.21"]
[EventType "tourn"]
[EventCountry "FRA"]
[SourceTitle "playchess.com"]
[Source "ChessBase"]
[SourceQuality "1"]

{[%evp 9,127,10,13,13,13,7,14,8,8,10,16,0,0,0,0,0,0,0,0,0,0,0,15,13,14,8,50,1,
4,-8,-7,-3,-5,-7,-2,-7,-5,-2,-6,-2,-2,-4,0,-4,0,-15,-14,-21,-21,-29,-29,-29,
-31,-29,-25,-58,-56,-65,-58,-150,-128,-145,-98,-115,-92,-92,-92,-92,-93,-127,
-66,-114,-95,-106,-58,-69,-58,-58,-58,-58,-68,-65,-65,-65,-65,-66,-65,-131,
-112,-117,-115,-86,-54,-171,-204,-181,-177,-164,-157,-245,-122,-515,-492,-665,
-663,-535,-237,-240,-167,-561,-552,-29976,-82,-29981,-29982,-29982,-29983,
-29983,-29984,-29982]} 1. c4 Nf6 2. g3 e6 3. Bg2 d5 4. Nf3 dxc4 5. Qa4+ Bd7 6.
Qxc4 {A13: English Opening: 1...e6.} c5 7. Ne5 Qc8 8. O-O {The position is
equal.} Nc6 9. Nxd7 Qxd7 10. Nc3 Rc8 11. Qa4 Be7 12. d3 O-O 13. Bd2 Rfd8 14.
Rfd1 b6 15. Rac1 {[#]} Nd5 $1 $146 {[%mdl 8] A top novelty.} ({Predecessor:} 
15... h6 16. Be1 Rc7 17. e3 Nb4 18. Nb5 a6 19. Bxb4 axb5 20. Qc2 Ra7 21. Be1
Rxa2 {1/2-1/2 (28) Artemiev,V (2671)-Riazantsev,A (2671) St Petersburg 2015})
16. Nxd5 exd5 17. e3 Bf8 18. Bc3 d4 19. exd4 Nxd4 20. Qxd7 Rxd7 21. Bh3 Ne2+
22. Kf1 Nxc1 23. Bxd7 Rd8 24. Rxc1 Rxd7 $11 {[%mdl 4096] Endgame KRB-KRB} 25.
Ke2 f5 26. a4 Kf7 27. Bd2 Ke6 28. Rc4 Kd5 29. Bc3 g6 30. h3 a6 31. Bd2 b5 32.
axb5 axb5 33. Rc2 Ra7 34. Be3 (34. Rc1 $15) 34... Ra4 35. Kd1 Bd6 36. Re2 f4
37. gxf4 Bxf4 38. Kc2 Bd6 39. Bg5 Be5 (39... Bf4 $17 40. Bf6 Ra1) 40. f3 Ra1
41. Bc1 Ra7 42. f4 $1 Bd6 43. Re8 Rf7 44. Rh8 Re7 45. Kd1 Bc7 46. Bd2 Kd4 47.
Kc2 b4 48. Rc8 (48. b3 $15) 48... b3+ 49. Kxb3 Kxd3 50. Bc3 c4+ 51. Ka4 (51.
Kb4 $15) 51... Bxf4 $19 52. Rd8+ Ke3 53. Kb5 {[#]} Re4 54. Bd2+ (54. Rg8 $17)
54... Kf3 (54... Ke2 $19 {has better winning chances.} 55. Bxf4 Rxf4) 55. Bc3 {
[%mdl 8192]} (55. Bxf4 $17 {was the crucial defense.} Kxf4 56. Rc8) 55... h5
56. Bd4 g5 57. Kc5 g4 (57... Kg3 $142 58. Kd5 Re1) 58. hxg4 hxg4 {aiming for ..
.g3.} 59. Rf8 $2 (59. Kd5) 59... g3 {...Rxd4! is the strong threat.} 60. Kd5 {
[#]} g2 $2 (60... Rxd4+ $1 {[%mdl 512] mates} 61. Kxd4 g2 62. Rg8 Bg3 63. Rf8+
Ke2 64. Re8+ Kd2 65. Kd5 g1=Q 66. Re7 Kd3 67. Ke6 Qb6+ 68. Kf7 Qxb2 69. Kg6 c3
70. Rd7+ Kc4 71. Re7 c2 72. Re6 Qb5 73. Re4+ Kd3 74. Rg4 Qe8+ 75. Kf6 Be5+ 76.
Kf5 c1=Q 77. Rb4 Qh5+ 78. Ke6 Qc6+ 79. Ke7 Qhe8#) 61. Rg8 $2 {[%mdl 8192] [#]}
(61. Bg1 $17) 61... Rxd4+ $1 {[%mdl 576] Promotion. Black mates.} 62. Kxd4 Bg3
63. Rf8+ Ke2 64. Re8+ {Weighted Error Value: White=0.46/Black=0.25} 0-1

[Event "GCT Paris Blitz 2021"]
[Site "Paris"]
[Date "2021.06.21"]
[Round "7"]
[White "Aronian, Levon"]
[Black "Caruana, Fabiano"]
[Result "1/2-1/2"]
[WhiteElo "2781"]
[BlackElo "2820"]
[Annotator "TA"]
[PlyCount "110"]
[EventDate "2021.06.21"]
[EventType "tourn"]
[EventCountry "FRA"]
[SourceTitle "playchess.com"]
[Source "ChessBase"]
[SourceQuality "1"]

{[%evp 9,110,5,5,2,18,6,8,0,3,0,0,0,0,0,0,-5,2,0,0,0,0,0,-2,-16,0,-17,0,0,0,
-42,-56,-92,-102,-134,-123,-133,-132,-132,-127,-126,-125,-128,-118,-154,-142,
-143,-98,-157,-129,-111,-97,-98,-89,-95,-87,-89,4,10,30,13,45,14,14,14,14,14,
14,14,16,17,19,5,125,127,208,207,184,0,0,0,0,-380,-418,-1348,-1348,-1339,-1279,
-758,0,0,0,0,0,0,0,0,0,0,0,0,0,0,0]} 1. d4 Nf6 2. Nf3 d5 3. Bf4 e6 4. e3 Bd6 5.
Nbd2 O-O 6. Bd3 {D02: 1 d4 d5 2 Nf3 sidelines, including 2...Nf6 3 g3 and 2...
Nf6 3 Bf4.} c5 7. c3 Bxf4 8. exf4 b6 9. Qe2 a5 10. O-O Ba6 11. Bxa6 Nxa6 {
[%cal Bb8a6,Ba6b4,Bb4c6,Bc6b4,Bb4c2][%mdl 32]} 12. Ne5 Qd6 {[#]} 13. h4 $146 ({
Predecessor:} 13. Ndf3 Ne4 14. g3 f6 15. Ng4 Nb8 16. Rad1 Nc6 17. dxc5 Qxc5 18.
Ne3 Rad8 19. f5 {1/2-1/2 (59) Sadhwani,R (2545)-Jianu,V (2532) Chess.com INT
2021}) 13... cxd4 14. cxd4 Rfc8 15. Rfc1 Nb4 16. Ndf3 Nc6 17. Qb5 {[#]} Qb4 $1
18. Qxb4 Nxb4 19. Rc3 Ne4 20. Rb3 b5 $36 {[%mdl 2048] Black is in control.} 21.
a3 Nc2 22. Rd1 b4 23. a4 Rc7 24. h5 Rac8 25. g3 f6 26. Ng4 Kf7 27. Kg2 Rc4 28.
Rbd3 (28. h6 $142) 28... Nd6 29. h6 Nf5 30. hxg7 h5 ({But not} 30... Nxg7 $6
31. Nh6+ Ke8 32. Ng8 $11) 31. Ngh2 Kxg7 32. Nf1 Kf7 (32... b3 $1 $17 33. Rxb3
Rxa4) 33. N1d2 $11 Rxd4 (33... R4c7 {looks sharper.} 34. Nb3 Nd6 35. R1d2 Nc4
36. Rxc2 Ne3+) 34. Nxd4 Ncxd4 35. Nf3 (35. Nf1 $5 {[%cal Rd3d4]}) 35... Nxf3
36. Kxf3 {[%mdl 4096] Endgame KRR-KRN} Nd6 37. Re1 Rc2 38. Re2 $1 {[%cal Re2c2]
} Rc1 39. Kg2 Nf5 40. Rdd2 {White wants to play Rc2.} Rc4 (40... Rb1 $11 {
remains equal.}) 41. Rc2 $1 $16 Ke7 (41... Nd6 $16) 42. Rxc4 $18 dxc4 {[#]
KR-KN} 43. Re4 $2 (43. Rc2 $1 $18 {[%cal Rc2c4]}) 43... Nd6 $11 {[%cal Rd6e4]}
44. Rd4 b3 45. Kf3 $2 {[%mdl 8192]} (45. Kh3 $11) 45... c3 $1 $19 {[%cal Rc3c2]
Threatens to win with ...c2.} 46. bxc3 (46. Rd3 $142 c2 47. Rc3) 46... b2 47.
Rd1 {[#]} Nc4 $1 48. Ke4 Nd2+ $2 49. Kd3 $1 $11 {[%cal Rd3d2] The position is
equal.} b1=Q+ 50. Rxb1 Nxb1 {KN-KP} 51. Kc2 $1 {[%cal Rc2b1]} Na3+ 52. Kb3 Nb1
{White must now prevent ...Nd2+.} 53. Kc2 Na3+ 54. Kb3 Nb1 {...Nd2+ is the
strong threat.} 55. Kc2 Na3+ {What a bad dream for Black.  Weighted Error
Value: White=0.31/Black=0.22} 1/2-1/2

[Event "GCT Paris Blitz 2021"]
[Site "Paris"]
[Date "2021.06.21"]
[Round "7"]
[White "Vachier-Lagrave, Maxime"]
[Black "Rapport, Richard"]
[Result "1/2-1/2"]
[WhiteElo "2760"]
[BlackElo "2763"]
[Annotator "TA"]
[PlyCount "118"]
[EventDate "2021.06.21"]
[EventType "tourn"]
[EventCountry "FRA"]
[SourceTitle "playchess.com"]
[Source "ChessBase"]
[SourceQuality "1"]

{[%evp 14,118,0,0,0,0,25,0,0,0,24,0,0,-10,33,35,46,18,155,53,68,40,72,57,79,43,
44,43,43,43,43,44,43,46,44,44,45,45,48,0,43,0,0,0,0,0,0,0,0,0,0,-157,-142,-165,
-70,-212,0,0,0,0,0,0,0,0,0,0,0,0,0,0,0,0,0,0,0,0,0,0,0,0,0,0,0,0,0,0,0,0,0,0,0,
0,0,0,0,0,0,0,0,0,0,0,0,0,0,0,0]} 1. e4 c5 2. Nf3 e6 3. c3 d5 4. e5 Nc6 5. d4
Qb6 6. Be2 cxd4 7. cxd4 Nge7 8. Na3 Bd7 {C02: French: Advance Variation.} 9.
O-O Nb4 10. h4 {[#]} Rc8 $146 ({Predecessor:} 10... a6 11. Bf4 Nc8 12. Qd2 Na7
13. Rfc1 h6 14. Rc3 Be7 15. h5 Ba4 16. b3 Bd7 {1-0 (43) Shirov,A (2699)-Roiz,M
(2605) Sochi 2007}) 11. h5 h6 12. Bf4 a6 13. Qd2 Nec6 14. Rfc1 Be7 15. Be3 Kd8
{[#]} (15... Na7 $11) 16. Rc3 (16. Nc4 $1 $16 {[%cal Rc4b6][%mdl 512]} dxc4 17.
d5) 16... Na7 $14 17. Nc2 Nxc2 18. Qxc2 Bb5 19. Rc1 {[%cal Rc3c8]} Kd7 20.
Bxb5+ axb5 21. Rxc8 Rxc8 22. Qh7 {Threatens to win with Rxc8.} Rxc1+ 23. Bxc1
Bf8 24. g4 {Black must now prevent Bxh6!} Nc6 25. Be3 Qd8 26. Qg8 Qe8 (26...
Ke8 {keeps more tension.} 27. Kg2 Ne7 28. Qh7 Qa5 29. Qd3 Nc6) 27. g5 Ne7 $1 {
[%cal Re7g8]} 28. gxh6 Nxg8 29. h7 Ne7 {...Ng6! is the strong threat.} 30. h8=Q
Nf5 31. Kg2 Be7 32. Qh7 $2 ({White must play} 32. Qxe8+ $11 Kxe8 33. Bf4) 32...
Qc8 $17 {Hoping for ...Qc2.} 33. Bg5 {[#]} Qc2 (33... b4 $1 $19 34. h6 gxh6)
34. Qg8 {[#]} (34. Qh8 $1 $15) 34... Qe4 $2 ({Better is} 34... f6 $1 $19 {
[%cal Rf6g5]} 35. exf6 gxf6) 35. Bxe7 $11 {Intending Qd8+ and mate.The
position is equal.} Kxe7 36. Qc8 Nh4+ 37. Kh3 Qxf3+ 38. Kxh4 Qxf2+ {[%mdl 4096]
Endgame KQ-KQ} 39. Kh3 Qf3+ 40. Kh4 Qe4+ 41. Kg3 Qe3+ (41... Qxd4 {looks
sharper.} 42. Qxb7+ Ke8 43. Qb8+ Ke7 44. Qb7+) 42. Kg2 Qe2+ (42... Qxd4 {
feels hotter.} 43. Qc7+ Ke8 44. Qc8+ Ke7) 43. Kg3 Qd3+ (43... Qxh5 {looks
sharper.} 44. Qc7+ Ke8 45. Qc8+ Ke7) 44. Kg2 Qe4+ (44... Qxd4 {is interesting.}
45. Qc7+ Ke8 46. Qc8+ Ke7) 45. Kg3 Qe1+ 46. Kg2 Qd2+ (46... b4 {looks sharper.}
47. Qxb7+ Kf8 48. Qb8+ Ke7 49. Qb7+) 47. Kf3 Qd3+ (47... b6 {is interesting.}
48. Qc7+ Ke8 49. Qb8+ Ke7 50. Qd6+ Ke8) 48. Kg2 Qe4+ (48... Qxd4 {feels hotter.
} 49. Qc7+ Ke8 50. Qc8+ Ke7) 49. Kg3 Qe3+ (49... Qxd4 {looks sharper.} 50.
Qxb7+ Ke8 51. Qb8+ Ke7 52. Qb7+) 50. Kg2 Qg5+ (50... g5 {keeps more tension.}
51. Qc5+ Ke8 52. Qc8+ Ke7 53. Qc5+) 51. Kf2 Qh4+ (51... Qxh5 {with more
complications.} 52. Qc7+ Ke8 53. Qc8+ Ke7) 52. Kf1 Qf4+ (52... Qxh5 {is more
complex.} 53. Qxb7+ Kf8 54. Qa8+ Ke7 55. Qb7+) 53. Ke1 Qe3+ 54. Kf1 Qf3+ 55.
Kg1 Qd1+ 56. Kg2 Qg4+ 57. Kf1 Qf4+ 58. Kg2 Qd2+ 59. Kg3 Qe3+ {Weighted Error
Value: White=0.17/Black=0.16} 1/2-1/2

[Event "GCT Paris Blitz 2021"]
[Site "Paris"]
[Date "2021.06.21"]
[Round "7"]
[White "Firouzja, Alireza"]
[Black "So, Wesley"]
[Result "0-1"]
[WhiteElo "2759"]
[BlackElo "2770"]
[Annotator "TA"]
[PlyCount "64"]
[EventDate "2021.06.21"]
[EventType "tourn"]
[EventCountry "FRA"]
[SourceTitle "playchess.com"]
[Source "ChessBase"]
[SourceQuality "1"]

{[%evp 9,64,6,7,8,0,0,0,0,0,0,26,21,26,16,37,-1,27,6,23,16,17,-13,41,37,29,10,
18,-40,0,0,0,0,0,0,0,-18,-14,-14,0,0,-6,-48,-43,-160,-154,-143,-153,-665,-656,
-668,-667,-642,-640,-1115,-1036,-5010,-4986]} 1. d4 Nf6 2. Bg5 d5 3. e3 c5 4.
Bxf6 gxf6 5. dxc5 Nc6 6. Bb5 {D00: 1 d4 d5: Unusual lines.} e6 7. c4 dxc4 8.
Nd2 {The position is equal.} Bxc5 9. Ngf3 c3 $5 {[%mdl 4] A promising side
line.} 10. bxc3 O-O 11. O-O {[#]} f5 $146 ({Predecessor:} 11... Be7 12. Qa4 Bd7
13. Rfd1 Kh8 14. Nd4 Qc7 15. Nxc6 Bxc6 16. Bxc6 Qxc6 17. Qxc6 bxc6 {0-1 (43)
Sorokin,A (2524)-Paravyan,D (2634) Khanty-Mansiysk 2018}) 12. Nd4 Bd7 13. Rb1
Rc8 14. Qh5 Qf6 15. Rfd1 Qg6 (15... Rfd8 $11) 16. Qe2 $14 Rfd8 17. N2f3 (17.
Bxc6 {is interesting.} Bxc6 18. Nxc6 bxc6 19. Nf3 Qf6 20. Rxd8+ Rxd8 21. Qc4)
17... Qf6 18. e4 (18. Nxc6 $11 Bxc6 19. Bxc6 Rxd1+ 20. Qxd1 bxc6 21. Qd7) 18...
Bb6 19. exf5 Nxd4 20. cxd4 Qxf5 21. Bd3 Qf6 22. Qe4 h6 23. Qg4+ (23. Qxb7 $2
Bc6 $19) 23... Qg7 24. Qh4 Ba4 25. Re1 {Hoping for Re4.} Bxd4 26. Re4 (26. Rb4
$15 Bf6 {[%mdl 64] Discovered Attack} 27. Qh3) 26... Bf6 $17 27. Qh3 Rxd3 28.
Rg4 $2 {[#] Loses the game.} (28. Rxa4 $17 Rdc3 29. Rf1) 28... Bg5 $1 $19 {
Black is clearly winning.} 29. Rxa4 {[#]} Qb2 $3 {[%mdl 512]} 30. Rf1 (30. Re1
Rc1) 30... Rc1 31. g4 Rxf1+ 32. Kxf1 Qb5 {Weighted Error Value: White=0.82/
Black=0.09} 0-1

[Event "GCT Paris Blitz 2021"]
[Site "Paris"]
[Date "2021.06.21"]
[Round "7"]
[White "Svidler, Peter"]
[Black "Radjabov, Teimour"]
[Result "1-0"]
[WhiteElo "2714"]
[BlackElo "2765"]
[Annotator "TA"]
[PlyCount "81"]
[EventDate "2021.06.21"]
[EventType "tourn"]
[EventCountry "FRA"]
[SourceTitle "playchess.com"]
[Source "ChessBase"]
[SourceQuality "1"]

{[%evp 9,81,18,28,28,216,42,73,62,97,90,131,104,103,106,110,112,104,108,105,
100,110,109,114,111,288,290,280,237,325,319,325,318,342,352,345,337,347,341,
364,354,417,417,480,474,472,468,578,562,559,570,556,544,612,591,638,654,781,
781,782,804,1043,1046,999,1018,1066,1000,1159,1093,1066,1043,1000,969,1291,
1180]} 1. b3 b6 2. e4 Bb7 3. Nc3 e6 4. Qe2 Nc6 {[#]} 5. Bb2 $146 ({Predecessor:
} 5. Nf3 g6 6. Bb2 Bg7 7. g3 Nge7 8. Bg2 O-O 9. O-O d5 10. d4 Nxd4 11. Nxd4
Bxd4 {0-1 (40) Harikrishna,P (2727)-Nepomniachtchi,I (2714) Beijing 2014}) 5...
Bc5 6. O-O-O {A01: Nimzowitsch-Larsen Opening.} Qe7 $2 (6... a5 $11 {and Black
has nothing to worry.}) 7. Kb1 $2 (7. Nb5 $18 O-O-O 8. Bxg7) 7... Nf6 8. Nb5 {
White is better.} O-O 9. d4 Bb4 10. d5 exd5 11. exd5 Qxe2 12. Bxe2 Ne7 13. Bxf6
gxf6 14. Nxc7 Rac8 {[#]} 15. Bf3 $1 d6 {[#]} 16. Nb5 {[%cal Bc7b5,Bb5d4,Bd4c2,
Bc2e3][%mdl 32]} Rc5 $2 (16... a6 $16) 17. c4 $18 ({Not} 17. Nxd6 Bxd5 18. c4
Rc6 $16) ({Weaker is} 17. Nxa7 Nxd5 18. Bxd5 Bxd5 $14) 17... Rd8 18. a3 Ba5 19.
Ne2 a6 20. Nbd4 Rcc8 21. b4 Bxb4 22. axb4 Rxc4 23. Nc2 Rdc8 24. Rd2 a5 25. bxa5
bxa5 26. Ne3 {White is clearly winning.} Rb4+ 27. Rb2 Ba6 28. Rxb4 axb4 29. Nd4
Ng6 30. Rc1 Ra8 31. Be4 Nf4 32. Rc6 Bb7 33. Rxd6 Re8 34. f3 h5 35. Rxf6 Nd3 36.
Nef5 Nc5 37. Nd6 Rd8 38. Nxb7 Nxb7 39. Nf5 Nc5 40. Rc6 Na4 41. Kc2 {Weighted
Error Value: White=0.12/Black=0.51} 1-0

[Event "GCT Paris Blitz 2021"]
[Site "Paris"]
[Date "2021.06.21"]
[Round "8"]
[White "Caruana, Fabiano"]
[Black "Kramnik, Vladimir"]
[Result "1/2-1/2"]
[WhiteElo "2820"]
[BlackElo "2797"]
[Annotator "TA"]
[PlyCount "165"]
[EventDate "2021.06.21"]
[EventType "tourn"]
[EventCountry "FRA"]
[SourceTitle "playchess.com"]
[Source "ChessBase"]
[SourceQuality "1"]

{[%evp 18,165,12,13,18,2,22,-43,22,18,21,17,29,5,27,0,0,-22,-10,-8,0,-19,10,0,
7,-11,-12,-6,0,-11,-11,-15,-16,-16,0,-19,0,-66,-9,-9,7,7,6,7,4,10,8,3,5,7,19,
13,30,10,10,13,13,3,5,6,16,12,28,8,12,9,9,9,8,0,7,0,0,-10,0,0,0,0,0,0,0,0,0,0,
0,0,0,0,0,0,0,0,0,0,0,0,0,0,0,0,0,0,0,0,0,0,6,0,0,0,0,0,0,0,0,0,0,0,0,0,0,0,0,
0,0,0,0,0,0,0,0,0,0,0,0,0,0,0,0,0,0,0,0,0,0,0,0,0,0,0]} 1. d4 Nf6 2. c4 e6 3.
Nc3 Bb4 4. e3 O-O 5. Bd3 d5 6. Nf3 dxc4 7. Bxc4 c5 8. O-O b6 9. a3 Bxc3 $1 {
9...Bxc3 scores better than 9...cxd4.} 10. bxc3 Bb7 {E54: Nimzo-Indian:
Rubinstein: Main Line: 7...dxc4 8 Bxc4.} 11. Bb2 Qc7 12. Rc1 {[#]} (12. Qe2 $11
) 12... Rd8 $146 ({Better is} 12... Ng4 $1 $15 13. g3 Qc6) ({Predecessor:} 
12... Ng4 13. g3 Qc6 14. Be2 c4 15. h3 Nf6 16. a4 Nbd7 17. Kh2 Ne4 18. Ba3 Rfd8
{0-1 (52) Vuckovic,B (2626)-Wirig,A (2480) Aix les Bains 2011}) 13. Re1 Nc6 {
[%cal Bb8c6,Bc6e7,Be7g6,Bg6f4][%mdl 32]} 14. Bf1 Ne7 15. h3 Rac8 16. Bd3 Be4
17. Bxe4 Nxe4 18. c4 Ng6 19. Qd3 Nf6 20. Red1 e5 {[#] Strongly threatening ...
e4.} 21. Qf5 {[%cal Rd4e5]} exd4 22. exd4 Qf4 23. Qxf4 Nxf4 24. Kf1 cxd4 25.
Nxd4 h5 26. f3 Kh7 27. Kf2 (27. h4 $11) 27... Rd7 (27... h4 $15) 28. h4 Rcd8
29. g3 Ng6 30. c5 bxc5 31. Rxc5 Ne7 32. Re1 Rb8 33. Ba1 Ned5 34. Rd1 Rbb7 35.
Nf5 {White wants to play Nxg7!} Rbc7 36. Rdc1 Rb7 37. Ra5 Kg6 38. Nd4 Ne7 39.
Rg5+ Kh7 40. Re1 Rd5 {The position is equal.} 41. Rge5 Ng6 42. Rxd5 Nxd5 43.
Nf5 f6 44. Bd4 Nge7 45. Nd6 Rd7 46. Bc5 Nc6 47. Rd1 Nc3 48. Rc1 Na4 49. Ne4 Ne5
{[#] And now ...Nd3+ would win.} 50. Ke2 Nd3 51. Rc4 {[%cal Rc4a4]} Naxc5 52.
Nxc5 Nxc5 53. Rxc5 $11 {[%mdl 4096] Endgame KR-KR} Kg6 54. Ra5 Rb7 55. Ke3 Rb3+
56. Ke4 Rb7 57. Kf4 Rc7 58. Ke3 Rc3+ 59. Ke4 Rc7 60. Kd4 Rb7 61. Ke4 Rc7 62.
Ke3 Rb7 63. g4 hxg4 64. fxg4 Rb3+ 65. Kf4 Rb7 66. h5+ Kh6 67. Kf5 Re7 68. Kf4
g6 69. hxg6 Kxg6 70. Ra6 Kf7 (70... Rc7 {keeps more tension.} 71. Ra4 Rc3 72.
Rxa7 Rc4+ 73. Kg3 f5) 71. Kg3 Kg6 72. Kf3 Kg5 73. Ra5+ Kg6 74. Kf4 Rc7 75. Ra6
$1 Rc4+ 76. Kg3 Rc7 77. a4 Rb7 78. Ra5 Rc7 79. Ra6 Rb7 80. Kf4 Rb4+ 81. Kf3 Rb7
82. Kf4 Rb4+ 83. Kf3 {A rather calm draw.  Weighted Error Value: White=0.11/
Black=0.08} 1/2-1/2